| 000 | 00907nam a2200241 a 4500 | ||
|---|---|---|---|
| 001 | 000023010 | ||
| 005 | 20240415140329.0 | ||
| 008 | 101124s1994 mx r 000 | spa d | ||
| 020 | _a9684098081 | ||
| 040 |
_aDO-SdBNP _bspa _cBNPHU |
||
| 082 |
_a353.078 _bG666u |
||
| 100 | 1 |
_aGore, Al _947336 |
|
| 245 | 1 | 3 |
_aUn gobierno más efectivo y menos costoso : _binforme de la National Performance Review / _cAl Gore; traducción Ángel Carlos González. |
| 260 |
_aMéxico, D.F. : _bEDAMEX, _c1994. |
||
| 300 | _a413 p. ;. | ||
| 500 | _aIncluye notas al pie de páginas | ||
| 534 |
_aTítulo original : _tCreating a government that works better and cost less |
||
| 650 | 4 |
_aAgencias administrativas _947337 |
|
| 650 | 0 |
_aAdministración pública _99266 |
|
| 700 | 1 |
_aGonzález, Ángel Carlos _etr. _945188 |
|
| 730 | 0 |
_aCreating a government that works better and cost less _lespañol _947338 |
|
| 049 | _aBNGR | ||
| 999 |
_c22507 _d22507 |
||